THE PSYCHOLOGY OF LEARNING (Record no. 542894)
[ view plain ]
| 000 -LEADER | |
|---|---|
| fixed length control field | 00379nam a22001457a 4500 |
| 082 ## - DEWEY DECIMAL CLASSIFICATION NUMBER | |
| Classification number | 370.15 |
| Author Mark | DEE |
| -- | L-31 P-11 |
| 100 ## - MAIN ENTRY--PERSONAL NAME | |
| Personal name | James Deese |
| 9 (RLIN) | 38252 |
| 245 ## - TITLE STATEMENT | |
| Title | THE PSYCHOLOGY OF LEARNING |
| 250 ## - EDITION STATEMENT | |
| Edition statement | 2nd |
| 260 ## - PUBLICATION, DISTRIBUTION, ETC. | |
| Place of publication, distribution, etc. | TOKYO, JAPAN |
| Name of publisher, distributor, etc. | TOSHO PRINTING Co, LTD |
| Date of publication, distribution, etc. | 1958 |
| 300 ## - PHYSICAL DESCRIPTION | |
| Extent | vii, 367.p: |
| 526 ## - STUDY PROGRAM INFORMATION NOTE | |
| Program name | 0 |
| Interest level | 0 |
| Reading level | 0 |
| Title point value | 370_150000000000000_DEE |
| 650 ## - SUBJECT ADDED ENTRY--TOPICAL TERM | |
| Topical term or geographic name entry element | MCE |
| 9 (RLIN) | 379 |
| 942 ## - ADDED ENTRY ELEMENTS (KOHA) | |
| Source of classification or shelving scheme | |
| Koha item type | Book |
| Withdrawn status | Lost status | Source of classification or shelving scheme | Damaged status | Not for loan | Permanent Location | Current Location | Date acquired | Total Checkouts | Full call number | Barcode | Date last seen | Date last checked out | Price effective from | Koha item type |
|---|---|---|---|---|---|---|---|---|---|---|---|---|---|---|
| Military College of Engineering (MCE) | Military College of Engineering (MCE) | 02/24/2014 | 1 | 370.15 DEE | MCE-2429 | 06/07/2018 | 03/28/2018 | 02/24/2014 | Book |
